[Event "Landesliga Ost MV 2014-15"]
[Site "Mecklenburg-Vorpommern"]
[Date "2014.11.23"]
[Round "3.3"]
[White "Kilp, Andreas"]
[Black "Riebort, Frank"]
[Result "1/2-1/2"]
[WhiteElo "1632"]
[BlackElo "1885"]
[PlyCount "39"]
[EventType "team-tourn"]
[EventRounds "9"]
[EventCountry "GER"]
[SourceDate "2014.04.06"]
[WhiteTeam "SAV Torgelow-Droegeheide 90  II"]
[BlackTeam "SV Motor Wolgast"]

1. e4 e5 2. Nf3 Nf6 3. Nc3 Bb4 4. d3 d6 5. Be2 Nc6 6. a3 Ba5 7. Bg5 h6 8. Bh4
Be6 9. O-O Qd7 10. b4 Bb6 11. Na4 g5 12. Bg3 O-O 13. c3 Nh7 14. h4 f5 15. exf5
Bxf5 16. hxg5 hxg5 17. Nh2 Nf6 18. Qd2 Qg7 19. Nxb6 axb6 20. b5 1/2-1/2

[Event "Landesliga Ost MV 2014-15"]
[Site "Mecklenburg-Vorpommern"]
[Date "2014.11.23"]
[Round "3.4"]
[White "Schubert, Volker"]
[Black "Greinert, Timo"]
[Result "0-1"]
[WhiteElo "2059"]
[BlackElo "1785"]
[PlyCount "130"]
[EventType "team-tourn"]
[EventRounds "9"]
[EventCountry "GER"]
[SourceDate "2014.04.06"]
[WhiteTeam "SV Motor Wolgast"]
[BlackTeam "SAV Torgelow-Droegeheide 90  II"]

1. d4 d5 2. c4 c6 3. Nf3 e6 4. e3 Nf6 5. Nc3 Nbd7 6. Bd3 dxc4 7. Bxc4 b5 8. Bd3
Bb7 9. O-O Be7 10. Qe2 O-O 11. Rd1 Qc7 12. e4 b4 13. Na4 c5 14. e5 Nd5 15. Nxc5
Nxc5 16. dxc5 Qxc5 17. Bd2 Rac8 18. Rac1 Qb6 19. Be4 a5 20. Ng5 g6 21. Qg4 Rxc1
22. Bxc1 f5 23. exf6 Nxf6 24. Qh4 Bxe4 25. Be3 Qc6 26. Nxh7 Nd5 27. Qxe4 Kxh7
28. h4 Bf6 29. h5 Rg8 30. g4 Bxb2 31. Qf3 gxh5 32. Qf7+ Rg7 33. Qxh5+ Kg8 34.
Bh6 Qc2 35. Rd2 Qg6 36. Bxg7 Qxh5 37. gxh5 Bxg7 38. Kg2 Nf4+ 39. Kf3 Nxh5 40.
Rd8+ Kf7 41. Ra8 Bc3 42. Rxa5 Nf6 43. Ra7+ Kg6 44. Ke2 Kf5 45. Ra5+ Nd5 46. Ra8
Ke4 47. f3+ Kd4 48. Rc8 Nf4+ 49. Kd1 Ke3 50. a3 Kxf3 51. axb4 Bxb4 52. Rc4 Nd5
53. Rc8 e5 54. Rd8 Ke4 55. Ke2 Nc3+ 56. Kf1 Ke3 57. Re8 e4 58. Rb8 Bc5 59. Ke1
Kd3 60. Rd8+ Bd4 61. Rd7 e3 62. Rd8 Na2 63. Re8 Nc3 64. Re6 Ne4 65. Re8 Bc3+
0-1

[Event "Landesliga Ost MV 2014-15"]
[Site "Mecklenburg-Vorpommern"]
[Date "2014.11.23"]
[Round "3.5"]
[White "Kasel, Alexander"]
[Black "Rosin, Ralf"]
[Result "1-0"]
[WhiteElo "1550"]
[BlackElo "1727"]
[PlyCount "101"]
[EventType "team-tourn"]
[EventRounds "9"]
[EventCountry "GER"]
[SourceDate "2014.04.06"]
[WhiteTeam "SAV Torgelow-Droegeheide 90  II"]
[BlackTeam "SV Motor Wolgast"]

1. c4 e6 2. Nc3 f5 3. g3 Nf6 4. Bg2 Be7 5. Nf3 O-O 6. d3 c6 7. O-O d5 8. cxd5
exd5 9. Rb1 d4 10. Qb3+ Kh8 11. Nd1 Na6 12. Qc4 c5 13. Ne5 Qe8 14. Qb3 Rb8 15.
Bf4 Bd6 16. Nf7+ Qxf7 17. Bxd6 Qxb3 18. axb3 Re8 19. Bxb8 Nxb8 20. Re1 a5 21.
Kf1 b6 22. e3 Ba6 23. Ke2 Nbd7 24. Kd2 g5 25. Rc1 Kg7 26. exd4 Rxe1 27. Kxe1
cxd4 28. Rc7 Kg6 29. Kd2 Nc5 30. Bf1 Nxb3+ 31. Kc2 Nc5 32. Rc6 Ncd7 33. Rd6 Bb7
34. Rxd4 Nd5 35. Nc3 N5f6 36. Rd6 Kf7 37. Be2 Ke7 38. Rd4 Ke6 39. f4 g4 40. Nb5
Ke7 41. Nd6 Bf3 42. Bxf3 gxf3 43. Nxf5+ Ke6 44. Ne3 f2 45. Kd2 Nc5 46. Ke2 Nb3
47. Rc4 b5 48. Rc6+ Kf7 49. Kxf2 a4 50. Nf5 Ng4+ 51. Kg2 1-0

[Event "Landesliga Ost MV 2014-15"]
[Site "Mecklenburg-Vorpommern"]
[Date "2014.11.23"]
[Round "3.6"]
[White "Klotzsche, Stefan"]
[Black "Schmidt, Paul"]
[Result "1/2-1/2"]
[WhiteElo "1707"]
[BlackElo "1451"]
[PlyCount "59"]
[EventType "team-tourn"]
[EventRounds "9"]
[EventCountry "GER"]
[SourceDate "2014.04.06"]
[WhiteTeam "SV Motor Wolgast"]
[BlackTeam "SAV Torgelow-Droegeheide 90  II"]

1. Nf3 d5 2. g3 Nf6 3. Bg2 Nc6 4. d3 e5 5. O-O Bg4 6. a3 a5 7. c4 Be7 8. Bg5
O-O 9. Bxf6 Bxf6 10. cxd5 Qxd5 11. Nc3 Qe6 12. Rc1 Bh3 13. Bxh3 Qxh3 14. Ne4
Be7 15. Qb3 Rab8 16. Rc2 Qd7 17. Rfc1 Bd6 18. Qb5 Rfc8 19. d4 exd4 20. Nxd4
Bxa3 21. Nf5 Bb4 22. Nh6+ Kh8 23. Nf5 Qd8 24. e3 g6 25. Rxc6 bxc6 26. Qe5+ f6
27. Nxf6 Bf8 28. Nd7+ Kg8 29. Qe6+ Kh8 30. Qe5+ 1/2-1/2

[Event "Landesliga Ost MV 2014-15"]
[Site "Mecklenburg-Vorpommern"]
[Date "2014.11.23"]
[Round "3.7"]
[White "Schmekel, Matthias"]
[Black "Zimmermann, Frank"]
[Result "1-0"]
[WhiteElo "1425"]
[BlackElo "1615"]
[PlyCount "53"]
[EventType "team-tourn"]
[EventRounds "9"]
[EventCountry "GER"]
[SourceDate "2014.04.06"]
[WhiteTeam "SAV Torgelow-Droegeheide 90  II"]
[BlackTeam "SV Motor Wolgast"]

1. e4 e5 2. Nf3 Nc6 3. d4 exd4 4. Nxd4 Nxd4 5. Qxd4 d6 6. Nc3 Be6 7. Be3 Nf6 8.
Be2 Be7 9. O-O-O O-O 10. e5 Ne8 11. Qe4 Qc8 12. g4 dxe5 13. Qxe5 Bf6 14. Qa5
Bxg4 15. Bxg4 Qxg4 16. Nd5 Bg5 17. f4 b6 18. Qc3 Bf6 19. Nxf6+ Nxf6 20. Rhg1
Qf5 21. Rg5 Qe6 22. Bd4 Kh8 23. Re1 Qd6 24. Be5 Qe6 25. f5 Qe7 26. Rxg7 Rfe8
27. Rxh7+ 1-0

[Event "Landesliga Ost MV 2014-15"]
[Site "Mecklenburg-Vorpommern"]
[Date "2014.11.23"]
[Round "3.1"]
[White "Stoevesand, Eric"]
[Black "Luethke, Hans Eckart"]
[Result "1/2-1/2"]
[WhiteElo "1944"]
[BlackElo "2121"]
[PlyCount "87"]
[EventType "team-tourn"]
[EventRounds "9"]
[EventCountry "GER"]
[SourceDate "2014.04.06"]
[WhiteTeam "SG Eintracht Neubrandenburg  "]
[BlackTeam "SSC Graal-Mueritz"]

1. e4 c5 2. Nf3 d6 3. d4 Nf6 4. Nc3 cxd4 5. Nxd4 a6 6. Be2 e5 7. Nb3 Be7 8. Bg5
O-O 9. Bxf6 Bxf6 10. O-O Be6 11. Nd5 Bg5 12. c3 Nd7 13. Qd3 Rc8 14. Rad1 f5 15.
Bf3 b5 16. exf5 Bxf5 17. Be4 Bxe4 18. Qxe4 Rc4 19. Qe2 Nf6 20. Nxf6+ Qxf6 21.
Nd2 Bxd2 22. Qxd2 Rf4 23. Qxd6 Rxf2 24. Qxf8+ Qxf8 25. Rxf2 Qe7 26. Re1 Qc5 27.
Ree2 g6 28. a3 Kg7 29. h3 a5 30. Kh1 Qd5 31. Re3 a4 32. Kh2 h5 33. g3 Qc5 34.
Rfe2 Kf6 35. Kg2 Qd5+ 36. Kf2 Qh1 37. h4 Qh2+ 38. Ke1 Qg1+ 39. Kd2 Qb1 40. Rxe5
Qxb2+ 41. Kd3 Qxa3 42. Rxb5 Qd6+ 43. Kc2 Qxg3 44. Rb4 1/2-1/2

[Event "Landesliga Ost MV 2014-15"]
[Site "Mecklenburg-Vorpommern"]
[Date "2014.11.23"]
[Round "3.2"]
[White "Van Bentum, Horst"]
[Black "Stoevesand, Peter"]
[Result "0-1"]
[WhiteElo "2013"]
[BlackElo "1864"]
[PlyCount "80"]
[EventType "team-tourn"]
[EventRounds "9"]
[EventCountry "GER"]
[SourceDate "2014.04.06"]
[WhiteTeam "SSC Graal-Mueritz"]
[BlackTeam "SG Eintracht Neubrandenburg  "]

1. e4 e5 2. Nf3 Nc6 3. Bb5 Nf6 4. O-O a6 5. Bxc6 dxc6 6. Nxe5 Nxe4 7. Re1 Qd5
8. d3 Nxf2 9. Kxf2 Be6 10. Nf3 O-O-O 11. Nc3 Qh5 12. Ne4 Bg4 13. Ng3 Qb5 14. a4
Qb6+ 15. Be3 Qxb2 16. Qb1 Qc3 17. Qb3 Rxd3 18. Qxc3 Rxc3 19. Re2 f5 20. Bd4 Bc5
21. Bxc5 Rxc5 22. h3 Bxf3 23. gxf3 g6 24. Rd1 Rd8 25. Rxd8+ Kxd8 26. Rd2+ Ke8
27. Ne2 Rc4 28. a5 Rc5 29. Nd4 Rxa5 30. Ke3 Ra1 31. Kf4 a5 32. Re2+ Kd7 33. Nb3
Ra4+ 34. Ke5 b6 35. Rd2+ Kc8 36. Kf6 Rh4 37. Rh2 a4 38. Na1 b5 39. Kg5 Rd4 40.
Kh6 Rd1 0-1

[Event "Landesliga Ost MV 2014-15"]
[Site "Mecklenburg-Vorpommern"]
[Date "2014.11.23"]
[Round "3.3"]
[White "Hartung, Lothar"]
[Black "Schulz, Wolf Detlef"]
[Result "1-0"]
[WhiteElo "1791"]
[BlackElo "1821"]
[PlyCount "59"]
[EventType "team-tourn"]
[EventRounds "9"]
[EventCountry "GER"]
[SourceDate "2014.04.06"]
[WhiteTeam "SG Eintracht Neubrandenburg  "]
[BlackTeam "SSC Graal-Mueritz"]

1. d4 Nf6 2. e3 e6 3. Bd3 d5 4. f4 c5 5. c3 Nc6 6. Nf3 Ne4 7. O-O f5 8. Bb5 Bd7
9. Bxc6 Bxc6 10. Ne5 Nf6 11. Nd2 Bb5 12. Re1 Bd6 13. a4 Ba6 14. Ndf3 O-O 15.
Bd2 Ne4 16. dxc5 Bc7 17. b4 b5 18. axb5 Bxb5 19. Qc2 Rf6 20. Nd4 Rh6 21. Nef3
Bc4 22. Nc6 Qe8 23. Nce5 g5 24. Nxc4 dxc4 25. g3 Qh5 26. Rf1 Qh3 27. Be1 gxf4
28. exf4 Kf7 29. Qg2 Qh5 30. Ng5+ {ZÜ} 1-0

[Event "Landesliga Ost MV 2014-15"]
[Site "Mecklenburg-Vorpommern"]
[Date "2014.11.23"]
[Round "3.4"]
[White "Schumann, Lutz"]
[Black "Pruesse, Horst"]
[Result "0-1"]
[WhiteElo "1735"]
[BlackElo "1994"]
[PlyCount "70"]
[EventType "team-tourn"]
[EventRounds "9"]
[EventCountry "GER"]
[SourceDate "2014.04.06"]
[WhiteTeam "SSC Graal-Mueritz"]
[BlackTeam "SG Eintracht Neubrandenburg  "]

1. c4 e5 2. Nc3 Nc6 3. g3 f5 4. Bg2 Nf6 5. d3 Bb4 6. Bd2 Bxc3 7. Bxc3 d6 8. e3
O-O 9. Ne2 Qe8 10. b4 Kh8 11. Qc2 Bd7 12. Qb2 a6 13. a4 Nd8 14. d4 Bc6 15. d5
Bxa4 16. O-O Nf7 17. f4 Ng4 18. fxe5 Nfxe5 19. Nf4 Bd7 20. Rae1 Qe7 21. h3 Nf6
22. Qe2 Rae8 23. Bd4 Qf7 24. Qc2 Nh5 25. Kh2 Kg8 26. c5 g5 27. Ne6 Bb5 28. Nxg5
Qg6 29. Ne6 Bxf1 30. Rxf1 Qxg3+ 31. Kg1 f4 32. Qe2 f3 33. Bxe5 fxe2 34. Rxf8+
Rxf8 35. Bxg3 Nxg3 0-1

[Event "Landesliga Ost MV 2014-15"]
[Site "Mecklenburg-Vorpommern"]
[Date "2014.11.23"]
[Round "3.5"]
[White "Rossmann, Andreas"]
[Black "Micheel, Peter"]
[Result "1/2-1/2"]
[WhiteElo "1941"]
[BlackElo "1721"]
[PlyCount "92"]
[EventType "team-tourn"]
[EventRounds "9"]
[EventCountry "GER"]
[SourceDate "2014.04.06"]
[WhiteTeam "SG Eintracht Neubrandenburg  "]
[BlackTeam "SSC Graal-Mueritz"]

1. Nf3 Nf6 2. g3 d5 3. Bg2 e6 4. O-O c5 5. d3 Be7 6. Nbd2 Nbd7 7. e4 dxe4 8.
dxe4 Qc7 9. Re1 e5 10. b3 O-O 11. Bb2 b5 12. a4 c4 13. bxc4 bxc4 14. Bc3 Re8
15. Qe2 Ba6 16. Reb1 Bc5 17. h3 Rab8 18. Qe1 Bd6 19. Nh2 Rxb1 20. Qxb1 Rb8 21.
Qa2 Bb4 22. Bxb4 Rxb4 23. c3 Rb8 24. Nhf1 Nc5 25. Ne3 Nb3 26. Rd1 g6 27. Nd5
Nxd5 28. exd5 f5 29. Nf3 Qd6 30. Qe2 e4 31. Nd4 Nxd4 32. Rxd4 Rb3 33. Qe3 Ra3
34. Rd1 Qd7 35. g4 Rxa4 36. gxf5 gxf5 37. Qg5+ Kf7 38. d6 Bc8 39. Qh5+ Kg7 40.
Qg5+ Kf7 41. Bf1 Qe6 42. Qh5+ Kf8 43. Qxh7 Bd7 44. Rd4 e3 45. Qh8+ Kf7 46. Qh7+
Kf8 1/2-1/2

[Event "Landesliga Ost MV 2014-15"]
[Site "Mecklenburg-Vorpommern"]
[Date "2014.11.23"]
[Round "3.6"]
[White "Hausmann, Ulli"]
[Black "Kunow, Frank"]
[Result "1/2-1/2"]
[WhiteElo "1623"]
[BlackElo "1864"]
[PlyCount "84"]
[EventType "team-tourn"]
[EventRounds "9"]
[EventCountry "GER"]
[SourceDate "2014.04.06"]
[WhiteTeam "SSC Graal-Mueritz"]
[BlackTeam "SG Eintracht Neubrandenburg  "]

1. f4 c5 2. Nf3 g6 3. e3 Bg7 4. c3 Qa5 5. Be2 d5 6. d4 cxd4 7. exd4 Nf6 8. O-O
O-O 9. Ne5 b5 10. Nd2 Qb6 11. Ndf3 a6 12. b3 Qc7 13. Bb2 Ne4 14. Rc1 Qb6 15.
Nd2 Nxd2 16. Qxd2 Nd7 17. Nxd7 Bxd7 18. Bd3 e6 19. Ba3 Rfc8 20. Bc5 Qc7 21. Qe2
Qb8 22. h4 h5 23. g4 hxg4 24. Qxg4 Qc7 25. h5 e5 26. Qg5 e4 27. Be2 Qc6 28. Kf2
Qf6 29. hxg6 Qxg5 30. gxf7+ Kxf7 31. fxg5 Kg6 32. Ke3 Rh8 33. Rh1 Be6 34. Rcf1
Rad8 35. Be7 Rd7 36. Rxh8 Bxh8 37. Bf6 Bg7 38. Bxg7 Kxg7 39. Rf6 Re7 40. Bh5 a5
41. Rg6+ Kh7 42. Rh6+ Kg7 1/2-1/2

[Event "Landesliga Ost MV 2014-15"]
[Site "Mecklenburg-Vorpommern"]
[Date "2014.11.23"]
[Round "3.7"]
[White "Baier, Karsten"]
[Black "Rath, Wolfgang"]
[Result "1-0"]
[WhiteElo "1860"]
[BlackElo "1607"]
[PlyCount "33"]
[EventType "team-tourn"]
[EventRounds "9"]
[EventCountry "GER"]
[SourceDate "2014.04.06"]
[WhiteTeam "SG Eintracht Neubrandenburg  "]
[BlackTeam "SSC Graal-Mueritz"]

1. d4 Nf6 2. c4 d6 3. Nc3 g6 4. e4 Bg7 5. f4 O-O 6. Bd3 c5 7. d5 e6 8. Nge2 Re8
9. O-O exd5 10. exd5 Ng4 11. Rf3 Qh4 12. h3 Bd4+ 13. Nxd4 Re1+ 14. Qxe1 Qxe1+
15. Rf1 Qg3 16. Nf3 Nf6 17. Ne2 1-0

[Event "Landesliga Ost MV 2014-15"]
[Site "Mecklenburg-Vorpommern"]
[Date "2014.11.23"]
[Round "3.8"]
[White "Schroeter, Reinhard"]
[Black "Winkler, Karl"]
[Result "0-1"]
[WhiteElo "1535"]
[BlackElo "1811"]
[PlyCount "90"]
[EventType "team-tourn"]
[EventRounds "9"]
[EventCountry "GER"]
[SourceDate "2014.04.06"]
[WhiteTeam "SSC Graal-Mueritz"]
[BlackTeam "SG Eintracht Neubrandenburg  "]

1. d4 Nf6 2. Nf3 e6 3. c4 Bb4+ 4. Bd2 Bxd2+ 5. Nbxd2 c5 6. e3 Nc6 7. Bd3 cxd4
8. exd4 d5 9. c5 O-O 10. O-O b6 11. Rc1 Bb7 12. a3 bxc5 13. Rxc5 Rc8 14. Re1
Nxd4 15. Rxc8 Nxf3+ 16. Nxf3 Qxc8 17. Nd4 Ba6 18. b4 Bxd3 19. Qxd3 Qb7 20. b5
Rb8 21. a4 Qb6 22. Qe3 h6 23. Rc1 Rb7 24. Rc8+ Kh7 25. Qd3+ g6 26. Qc3 Ne4 27.
Qb4 Qd6 28. Qb2 e5 29. Nc6 d4 30. Rd8 Qc5 31. h3 Nf6 32. Qb4 Qxb4 33. Nxb4 Ne4
34. Nc6 Nc3 35. Ra8 Nxa4 36. Rxa7 Rxa7 37. Nxa7 Nb6 38. Nc6 f6 39. f3 Kg7 40.
f4 d3 41. Kf2 e4 42. g4 Nc4 43. Nd4 e3+ 44. Ke1 d2+ 45. Ke2 Nb2 0-1

[Event "Landesliga Ost MV 2014-15"]
[Site "Mecklenburg-Vorpommern"]
[Date "2014.12.07"]
[Round "4.1"]
[White "Voelschow, Siegfried"]
[Black "Dao, Xuan Duong"]
[Result "1-0"]
[WhiteElo "1957"]
[BlackElo "1740"]
[PlyCount "75"]
[EventType "team-tourn"]
[EventRounds "9"]
[EventCountry "GER"]
[SourceDate "2014.04.06"]
[WhiteTeam "SV Waterkant Saal"]
[BlackTeam "SG Eintracht Neubrandenburg  III"]

1. e4 e5 2. Bc4 Nf6 3. Nf3 Nc6 4. Ng5 d5 5. exd5 Na5 6. Bb5+ c6 7. dxc6 bxc6 8.
Qf3 Bb7 9. Ba4 Bd6 10. d3 h6 11. Ne4 Nxe4 12. dxe4 O-O 13. Nc3 Ba6 14. Ne2 Rb8
15. O-O Rb4 16. Bb3 Qh4 17. Rd1 Bxe2 18. Qxe2 Rxe4 19. Qf3 Nxb3 20. axb3 Bc5
21. g3 Qg4 22. Qxg4 Rxg4 23. Ra5 Rd4 24. Rxd4 Bxd4 25. c3 Bb6 26. Rxe5 Rd8 27.
Re1 Rd5 28. Kg2 Kh7 29. b4 Kg6 30. Re2 Rd1 31. Bf4 Rd5 32. Rd2 Rxd2 33. Bxd2
Kf5 34. Kf3 a5 35. bxa5 Bxa5 36. b4 Bd8 37. c4 Ke5 38. Bc3+ 1-0

[Event "Landesliga Ost MV 2014-15"]
[Site "Mecklenburg-Vorpommern"]
[Date "2014.12.07"]
[Round "4.2"]
[White "Bugdahl, Felix"]
[Black "Onasch, Gunnar"]
[Result "1/2-1/2"]
[WhiteElo "1603"]
[BlackElo "1821"]
[PlyCount "59"]
[EventType "team-tourn"]
[EventRounds "9"]
[EventCountry "GER"]
[SourceDate "2014.04.06"]
[WhiteTeam "SG Eintracht Neubrandenburg  III"]
[BlackTeam "SV Waterkant Saal"]

1. Nf3 d5 2. g3 c6 3. b3 Bg4 4. Ne5 Bf5 5. d3 Nd7 6. Nf3 e6 7. Nbd2 Ngf6 8. Bb2
Be7 9. Bg2 O-O 10. O-O a5 11. Nh4 Ne8 12. Nxf5 exf5 13. e4 Bf6 14. Bxf6 Qxf6
15. exd5 c5 16. a4 Nd6 17. Nc4 b6 18. Qd2 Nxc4 19. dxc4 Qd6 20. Rfe1 Rfe8 21.
Re2 Rxe2 22. Qxe2 Nf6 23. Re1 Kf8 24. Qe5 Qxe5 25. Rxe5 g6 26. f4 Re8 27. Rxe8+
Kxe8 28. Bf3 Kd7 29. Kf2 Kd6 30. Ke3 1/2-1/2

[Event "Landesliga Ost MV 2014-15"]
[Site "Mecklenburg-Vorpommern"]
[Date "2014.12.07"]
[Round "4.3"]
[White "Wiese, Frank"]
[Black "Peters, Hans Joachim"]
[Result "0-1"]
[WhiteElo "1875"]
[BlackElo "1714"]
[PlyCount "124"]
[EventType "team-tourn"]
[EventRounds "9"]
[EventCountry "GER"]
[SourceDate "2014.04.06"]
[WhiteTeam "SV Waterkant Saal"]
[BlackTeam "SG Eintracht Neubrandenburg  III"]

1. d4 Nf6 2. Bg5 d5 3. e3 Nbd7 4. Bd3 e5 5. dxe5 Nxe5 6. Nf3 Bg4 7. Be2 Nxf3+
8. Bxf3 Bxf3 9. Qxf3 Be7 10. Nd2 c6 11. Nb3 Ne4 12. Bxe7 Qxe7 13. c3 Qf6 14.
Qxf6 Nxf6 15. f3 O-O-O 16. a4 Rhe8 17. Kf2 Re7 18. Rhe1 Rde8 19. Nd4 g6 20. b4
Nd7 21. Nc2 Ne5 22. Rad1 Nc4 23. Rd4 f5 24. h3 h5 25. g4 hxg4 26. hxg4 Rh8 27.
Kg3 Reh7 28. Rg1 Rh2 29. Rg2 R8h3+ 30. Kf2 Ne5 31. Ne1 fxg4 32. fxg4 Rxg2+ 33.
Nxg2 Rf3+ 34. Ke2 Rg3 35. Kf2 Rxg4 36. Rd1 Rc4 37. Nf4 Rxc3 38. Rh1 a6 39. Rh8+
Kc7 40. Rh7+ Kb8 41. Rh8+ Ka7 42. Ne6 Rb3 43. Rh4 Rxb4 44. Rxb4 Nd3+ 45. Ke2
Nxb4 46. Kd2 Kb6 47. Kc3 c5 48. a5+ Kb5 49. Nd8 Kxa5 50. Nxb7+ Kb6 51. Nd6 g5
52. Nc8+ Kc6 53. Ne7+ Kd6 54. Nf5+ Ke5 55. Ng3 Nc6 56. Kd3 a5 57. Ne2 g4 58.
Kd2 d4 59. exd4+ Nxd4 60. Ng3 Nb5 61. Kc2 Kf4 62. Nh5+ Kf3 0-1

[Event "Landesliga Ost MV 2014-15"]
[Site "Mecklenburg-Vorpommern"]
[Date "2014.12.07"]
[Round "4.4"]
[White "Buenz, Heinrich"]
[Black "Richter, Frank"]
[Result "1-0"]
[WhiteElo "1609"]
[BlackElo "1730"]
[PlyCount "78"]
[EventType "team-tourn"]
[EventRounds "9"]
[EventCountry "GER"]
[SourceDate "2014.04.06"]
[WhiteTeam "SG Eintracht Neubrandenburg  III"]
[BlackTeam "SV Waterkant Saal"]

1. Nf3 d5 2. c4 e6 3. g3 Nf6 4. Bg2 Be7 5. O-O O-O 6. cxd5 exd5 7. b3 c6 8. Bb2
Bf5 9. d3 h6 10. Nbd2 Nbd7 11. Rc1 a5 12. Nd4 Bh7 13. Bh3 Re8 14. Re1 Qb6 15.
Qc2 Bc5 16. N2f3 g5 17. Bxd7 Nxd7 18. e3 Bb4 19. Red1 Bd6 20. Qd2 a4 21. e4 Bb4
22. Qe3 f6 23. a3 dxe4 24. axb4 exf3 25. Qxf3 Qxb4 26. Rc4 Re1+ 27. Rxe1 Qxe1+
28. Kg2 a3 29. Bc3 Qe7 30. Nf5 Bxf5 31. Qxf5 a2 32. Re4 Qf7 33. Ba1 Kg7 34. h4
Kf8 35. Rd4 Ne5 36. Rd6 Kg7 37. hxg5 hxg5 38. Rxf6 Qd5+ 39. Kg1 Rh8 1-0

[Event "Landesliga Ost MV 2014-15"]
[Site "Mecklenburg-Vorpommern"]
[Date "2014.12.07"]
[Round "4.5"]
[White "Nickel, Reimo"]
[Black "Hollender, Dirk"]
[Result "1/2-1/2"]
[WhiteElo "1751"]
[BlackElo "1672"]
[PlyCount "76"]
[EventType "team-tourn"]
[EventRounds "9"]
[EventCountry "GER"]
[SourceDate "2014.04.06"]
[WhiteTeam "SV Waterkant Saal"]
[BlackTeam "SG Eintracht Neubrandenburg  III"]

1. d4 d5 2. c4 e6 3. Nf3 c6 4. cxd5 exd5 5. Qb3 Nf6 6. Bg5 Be7 7. Nbd2 O-O 8.
e3 Nbd7 9. Bd3 Re8 10. O-O Nf8 11. h3 h6 12. Bh4 Ng6 13. Bg3 Bd6 14. Bh2 Qe7
15. Qc2 Nf8 16. a3 Ne4 17. Bxd6 Nxd6 18. Ne5 Qg5 19. Kh1 Qf6 20. b4 Bf5 21. a4
Rad8 22. Bxf5 Qxf5 23. Qxf5 Nxf5 24. Rfc1 Nd6 25. Nd3 Ne6 26. Nc5 Re7 27. Rcb1
a6 28. Kg1 f5 29. Nd3 g5 30. Ne5 Kg7 31. Rb3 f4 32. Rf1 Rf8 33. Rc1 Nd8 34.
Ndf3 Ne4 35. b5 axb5 36. axb5 fxe3 37. fxe3 Rc7 38. bxc6 bxc6 1/2-1/2

[Event "Landesliga Ost MV 2014-15"]
[Site "Mecklenburg-Vorpommern"]
[Date "2014.12.07"]
[Round "4.6"]
[White "Mietz, Wolfgang"]
[Black "Ehmann, Roland"]
[Result "1-0"]
[WhiteElo "1585"]
[BlackElo "1546"]
[PlyCount "65"]
[EventType "team-tourn"]
[EventRounds "9"]
[EventCountry "GER"]
[SourceDate "2014.04.06"]
[WhiteTeam "SG Eintracht Neubrandenburg  III"]
[BlackTeam "SV Waterkant Saal"]

1. d4 d5 2. c4 c6 3. cxd5 cxd5 4. Nc3 e6 5. Nf3 f5 6. Bf4 Nc6 7. e3 Nf6 8. Bg5
Bd6 9. Bb5 O-O 10. O-O Bd7 11. h3 Qe8 12. Rc1 Ne4 13. Bf4 Bxf4 14. exf4 a6 15.
Bxc6 Bxc6 16. Ne5 Rc8 17. Re1 Ba4 18. Qxa4 Nxc3 19. Qxe8 Ne2+ 20. Kf1 Rfxe8 21.
Kxe2 Rb8 22. Rc7 h5 23. Rec1 Kh7 24. Rd7 b5 25. Rcc7 Rg8 26. Nc6 Rb6 27. b4 Kh6
28. Re7 h4 29. Rxe6+ Kh5 30. Re5 Rf8 31. Rxd5 Rf6 32. Ne5 Kh6 33. Rdd7 1-0

[Event "Landesliga Ost MV 2014-15"]
[Site "Mecklenburg-Vorpommern"]
[Date "2014.12.07"]
[Round "4.7"]
[White "Nickel, Udo"]
[Black "Friedrich, Joerg"]
[Result "1/2-1/2"]
[WhiteElo "1703"]
[BlackElo "1657"]
[PlyCount "92"]
[EventType "team-tourn"]
[EventRounds "9"]
[EventCountry "GER"]
[SourceDate "2014.04.06"]
[WhiteTeam "SV Waterkant Saal"]
[BlackTeam "SG Eintracht Neubrandenburg  III"]

1. d4 Nf6 2. Nf3 d6 3. c4 g6 4. Nc3 Bg7 5. e4 O-O 6. Be2 Nc6 7. O-O Bd7 8. Be3
Ng4 9. Bc1 f5 10. h3 Nf6 11. e5 dxe5 12. dxe5 Nh5 13. Be3 f4 14. Bc5 Rf5 15.
Bd3 Rf7 16. Re1 e6 17. Qc2 b6 18. Ba3 a5 19. Nb5 Nb4 20. Bxb4 axb4 21. Qb3 Bf8
22. Be4 Rb8 23. Rad1 Bc5 24. Nbd4 Qe8 25. Qc2 Bxd4 26. Rxd4 Bc6 27. Red1 Bxe4
28. Qxe4 c5 29. Rd6 Qe7 30. Qc6 Ng7 31. Rd7 Qe8 32. Ng5 Rxd7 33. Rxd7 Rd8 34.
Rxg7+ Kxg7 35. Nxe6+ Kh6 36. Qxb6 Rd1+ 37. Kh2 Qf7 38. Qxc5 Qxe6 39. Qf8+ Kh5
40. Qxf4 g5 41. Qf3+ Kg6 42. Qxd1 Qxe5+ 43. Kg1 Qxb2 44. Qb3 Qc1+ 45. Kh2 Qf4+
46. Qg3 Qxc4 1/2-1/2

[Event "Landesliga Ost MV 2014-15"]
[Site "Mecklenburg-Vorpommern"]
[Date "2014.12.07"]
[Round "4.8"]
[White "Gloeckner, Jan"]
[Black "Hiltner, Harald"]
[Result "0-1"]
[WhiteElo "1537"]
[BlackElo "1513"]
[PlyCount "76"]
[EventType "team-tourn"]
[EventRounds "9"]
[EventCountry "GER"]
[SourceDate "2014.04.06"]
[WhiteTeam "SG Eintracht Neubrandenburg  III"]
[BlackTeam "SV Waterkant Saal"]

1. e4 e5 2. d4 exd4 3. c3 dxc3 4. Bc4 d6 5. Nf3 Bg4 6. Qb3 Be6 7. Bxe6 fxe6 8.
Nxc3 Qd7 9. Qxb7 Qc6 10. Qc8+ Ke7 11. Ng5 Nd7 12. Nd5+ exd5 13. exd5 Qxc1+ 14.
Rxc1 Rxc8 15. O-O Nh6 16. Rfe1+ Kf6 17. h4 Ne5 18. f4 Nhg4 19. fxe5+ Nxe5 20.
Ne4+ Kg6 21. Rc3 h6 22. Rec1 Be7 23. Rxc7 Rxc7 24. Rxc7 Bxh4 25. Rxa7 Rb8 26.
b3 Rb5 27. g3 Bd8 28. Ra6 Rxd5 29. Rxd6+ Rxd6 30. Nxd6 Nd3 31. a3 Bc7 32. Nc4
Bxg3 33. Kg2 Bf4 34. Kf3 Kf5 35. b4 Ne5+ 36. Nxe5 Kxe5 37. b5 Bd2 38. b6 Kd6
0-1

[Event "Landesliga Ost MV 2014-15"]
[Site "Mecklenburg-Vorpommern"]
[Date "2014.12.07"]
[Round "4.1"]
[White "Stoevesand, Eric"]
[Black "Stork, Michael"]
[Result "0-1"]
[WhiteElo "1944"]
[BlackElo "2038"]
[PlyCount "80"]
[EventType "team-tourn"]
[EventRounds "9"]
[EventCountry "GER"]
[SourceDate "2014.04.06"]
[WhiteTeam "SG Eintracht Neubrandenburg  "]
[BlackTeam "ESV Waren"]

1. e4 c5 2. Nf3 d6 3. d4 cxd4 4. Nxd4 Nf6 5. Nc3 a6 6. Be2 e5 7. Nf3 h6 8. Bc4
Be7 9. Qe2 Nbd7 10. Be3 O-O 11. O-O-O Qc7 12. Bd5 Nb6 13. Bxb6 Qxb6 14. h3 Bd7
15. Nd2 Rac8 16. Nc4 Qc7 17. Ne3 b5 18. a3 Qa5 19. Na2 Qb6 20. Kb1 a5 21. c3
Be6 22. g3 Rc5 23. f4 Bxd5 24. exd5 Re8 25. fxe5 dxe5 26. c4 b4 27. axb4 axb4
28. Nf5 Bf8 29. Rhf1 b3 30. Nc3 Qa6 31. Qd3 Ra8 32. Kc1 e4 33. Qb1 Rxc4 34. d6
Rd8 35. Nxh6+ gxh6 36. Rxf6 Rxd6 37. Rdxd6 Bxd6 38. Kd2 Rd4+ 39. Kc1 Kg7 40.
Nxe4 Qc6+ 0-1

[Event "Landesliga Ost MV 2014-15"]
[Site "Mecklenburg-Vorpommern"]
[Date "2014.12.07"]
[Round "4.2"]
[White "Schumacher, Albrecht"]
[Black "Stoevesand, Peter"]
[Result "1-0"]
[WhiteElo "1950"]
[BlackElo "1864"]
[PlyCount "43"]
[EventType "team-tourn"]
[EventRounds "9"]
[EventCountry "GER"]
[SourceDate "2014.04.06"]
[WhiteTeam "ESV Waren"]
[BlackTeam "SG Eintracht Neubrandenburg  "]

1. d4 d5 2. c4 e6 3. Nc3 Nf6 4. Bg5 Be7 5. e3 h6 6. Bxf6 Bxf6 7. Nf3 O-O 8. Qc2
b6 9. O-O-O Bb7 10. cxd5 exd5 11. g4 Bh4 12. Rg1 c6 13. Bd3 b5 14. Rg2 Na6 15.
g5 hxg5 16. Nxh4 gxh4 17. Rdg1 Qf6 18. Qe2 Qh6 19. Rxg7+ Qxg7 20. Rxg7+ Kxg7
21. Qh5 Kf6 22. Qe5# 1-0